<?xml version="1.0" encoding="UTF-8"?>
<record
    xmlns:xsi="http://www.w3.org/2001/XMLSchema-instance"
    xsi:schemaLocation="http://www.loc.gov/MARC21/slim http://www.loc.gov/standards/marcxml/schema/MARC21slim.xsd"
    xmlns="http://www.loc.gov/MARC21/slim">

  <leader>01233nam a2200205Ia 4500</leader>
  <controlfield tag="003">OSt</controlfield>
  <controlfield tag="005">20210715134726.0</controlfield>
  <controlfield tag="008">210310t2014    ck aod fr     000 0 spa d</controlfield>
  <datafield tag="040" ind1=" " ind2=" ">
    <subfield code="a">CO-JMCR</subfield>
    <subfield code="c">CO-JMCR</subfield>
  </datafield>
  <datafield tag="041" ind1="0" ind2=" ">
    <subfield code="a">spa</subfield>
  </datafield>
  <datafield tag="082" ind1="0" ind2="4">
    <subfield code="a">332.672 /</subfield>
    <subfield code="b">P841g</subfield>
    <subfield code="2">23</subfield>
  </datafield>
  <datafield tag="110" ind1="2" ind2=" ">
    <subfield code="a">Portafolio</subfield>
    <subfield code="9">13699</subfield>
  </datafield>
  <datafield tag="245" ind1="1" ind2="0">
    <subfield code="a">Gu&#xED;a del buen inversionista / </subfield>
    <subfield code="c">Portafolio</subfield>
  </datafield>
  <datafield tag="260" ind1=" " ind2=" ">
    <subfield code="a">Bogot&#xE1; : </subfield>
    <subfield code="b">Portafolio, </subfield>
    <subfield code="c">&#xA9;2014</subfield>
  </datafield>
  <datafield tag="300" ind1=" " ind2=" ">
    <subfield code="a">95 p&#xE1;ginas : </subfield>
    <subfield code="b">ilustraciones, fotograf&#xED;as y gr&#xE1;ficas a color ; </subfield>
    <subfield code="c">30 cm.</subfield>
  </datafield>
  <datafield tag="505" ind1="0" ind2=" ">
    <subfield code="a">&#xBF;Qu&#xE9; es y c&#xF3;mo funciona una bolsa de valores? -- Pasos a seguir para hacer inversiones en la bolsa -- &#xBF;En qu&#xE9; productos puedo invertir a trav&#xE9;s de la BVC?: acciones -- &#xBF;En qu&#xE9; productos puedo invertir a trav&#xE9;s de la BVC?: bonos -- La familia de &#xED;ndices de la BVC -- &#xBF;En qu&#xE9; productos puedo invertir a trav&#xE9;s de la BVC?: el mercado de frutos -- Fondos de inversi&#xF3;n colectiva -- Otros productos y mercados para invertir -- &#xBF;C&#xF3;mo tomar decisiones de inversi&#xF3;n? el an&#xE1;lisis fundamental -- &#xBF;C&#xF3;mo tomar decisiones de inversi&#xF3;n? el an&#xE1;lisis estad&#xED;stico -- Antes de empezar a invertir -- &#xC1;ngeles inversionistas</subfield>
  </datafield>
  <datafield tag="650" ind1="1" ind2="4">
    <subfield code="a">Bolsa de valores</subfield>
    <subfield code="9">16370</subfield>
  </datafield>
  <datafield tag="650" ind1="1" ind2="4">
    <subfield code="a">Fondos de inversi&#xF3;n</subfield>
    <subfield code="x">Gu&#xED;a</subfield>
    <subfield code="9">38491</subfield>
  </datafield>
  <datafield tag="942" ind1=" " ind2=" ">
    <subfield code="2">ddc</subfield>
    <subfield code="c">BK</subfield>
  </datafield>
  <datafield tag="999" ind1=" " ind2=" ">
    <subfield code="c">8113</subfield>
    <subfield code="d">8113</subfield>
  </datafield>
  <datafield tag="952" ind1=" " ind2=" ">
    <subfield code="0">0</subfield>
    <subfield code="1">0</subfield>
    <subfield code="2">ddc</subfield>
    <subfield code="4">0</subfield>
    <subfield code="7">0</subfield>
    <subfield code="8">NFIC</subfield>
    <subfield code="a">CPL</subfield>
    <subfield code="b">CPL</subfield>
    <subfield code="d">2018-04-15</subfield>
    <subfield code="e">Donaci&#xF3;n</subfield>
    <subfield code="o">332.672 / P841g</subfield>
    <subfield code="p">430003238</subfield>
    <subfield code="r">2024-05-16 00:00:00</subfield>
    <subfield code="t">Ej.1</subfield>
    <subfield code="y">BK</subfield>
  </datafield>
</record>
